| 000 | 00528nam a2200181Ia 4500 | ||
|---|---|---|---|
| 001 | 12697 | ||
| 005 | 20260306163000.0 | ||
| 008 | 260306t2020||||xx |||||||||||||| ||spa|| | ||
| 041 | _aESP | ||
| 082 |
_aHR 670.42 _bN° 39 DIC 2020 II |
||
| 110 | _aUniversidad de Lima. Facultad de Ingeniería y Arquitectura | ||
| 245 | 0 |
_aIngeniería industrial: _brevista de la Facultad de Ingeniería y Arquitectura |
|
| 260 | _c2020 | ||
| 300 |
_a239 páginas : _c25 cm. |
||
| 650 | _aGEN | ||
| 654 | _aCAU | ||
| 942 |
_cREV _dJUS _fJUS _2ddc _n |
||
| 999 |
_c12697 _d12697 |
||